| Tag |
First Indicator |
Second Indicator |
Subfields |
| LEADER |
00000cam a2200000Ii 4500 |
| 001 |
in00001996351 |
| 005 |
20151031113639.0 |
| 008 |
780410s1963 is a b 000 0 eng |
| 035 |
|
|
|a (OCoLC)ocm03791387
|
| 040 |
|
|
|a DLC
|c CLU
|d AGL
|d OCL
|d OCLCQ
|d UtOrBLW
|
| 041 |
1 |
|
|a eng
|h rus
|
| 049 |
|
|
|a TXAM
|
| 050 |
0 |
0 |
|a QC981
|b .B943
|
| 070 |
0 |
|
|a QC981.A22
|
| 072 |
|
0 |
|a B200
|
| 090 |
|
|
|a QC981
|b .B9413
|
| 130 |
0 |
|
|a A.I. Voeikov i sovremennye problemy klimatologii.
|l English.
|
| 245 |
1 |
0 |
|a A.I. Voeikov and problems in climatology =
|b A.I. Voeikov i sovremennye problemy klimatologii : selected articles /
|c general editor, M.I. Budyko.
|
| 246 |
3 |
1 |
|a A.I. Voeikov i sovremennye problemy klimatologii
|
| 264 |
|
1 |
|a Jerusalem :
|b Published for the National Science Foundation, Washington, D.C., by the Israel Program for Scientific Translations ;
|a Washington, D.C. :
|b Available from the Office of Technical Services, U.S. Dept. of Commerce,
|c 1963.
|
| 300 |
|
|
|a iv, 92 pages :
|b illustrations ;
|c 25 cm.
|
| 336 |
|
|
|a text
|b txt
|2 rdacontent
|
| 337 |
|
|
|a unmediated
|b n
|2 rdamedia
|
| 338 |
|
|
|a volume
|b nc
|2 rdacarrier
|
| 500 |
|
|
|a Translation of: A.I. Voeikov i sovremennye problemy klimatologii.
|
| 504 |
|
|
|a Includes bibliographical references.
|
| 650 |
|
0 |
|a Climatology.
|
| 600 |
1 |
0 |
|a Voeĭkov, A. I.
|q (Aleksandr Ivanovich),
|d 1842-1916.
|
| 700 |
1 |
|
|a Budyko, M. I.
|q (Mikhail Ivanovich)
|
| 740 |
0 |
|
|a A.I. Voeikov i sovremennye problemy klimatologii.
|
| 994 |
|
|
|a C0
|b TXA
|
| 948 |
|
|
|a cataloged
|b h
|c 2004/9/23
|d c
|e cmulkey
|f 8:51:03 am
|
| 999 |
|
|
|a MARS
|
| 999 |
f |
f |
|s fc0bea8f-d231-367b-b80f-6ed50a92bc50
|i b5107522-cf0e-3423-bc24-6b11480e60b8
|t 0
|
| 952 |
f |
f |
|p normal
|a Texas A&M University
|b College Station
|c Sterling C. Evans Library
|d Evans: Library Stacks
|t 0
|e QC981 .B9413
|h Library of Congress classification
|i unmediated -- volume
|m A14832251422
|
| 998 |
f |
f |
|a QC981 .B9413
|t 0
|l Evans: Library Stacks
|